000 00564nam a22001577a 4500
999 _c19102
_d19102
008 240213b ||||| |||| 00| 0 eng d
020 _a9781529712049
082 _22023
_aDC 371.9
_bW376
100 _aWearmouth, Janice.
_952206
245 _aSpecial educational & additional learning needs :
_ban essential guide /
_cJanice Wearmouth.
260 _aLondon :
_bSage Publications Ltd,
_c©2023.
300 _axv, 264 pages :
_billustrations ;
_c23 cm.
500 _aIncludes glossary, references, and index.
650 _aSpecial education.
_952350
942 _2ddc
_cDC